| 000 | 01138nam a2200325 i 4500 | ||
|---|---|---|---|
| 001 | 000011299 | ||
| 003 | DO-SdBNP | ||
| 005 | 20250305133718.0 | ||
| 007 | ta | ||
| 008 | 091016s2004 dr r 000 0 spa d | ||
| 040 |
_aDO-SdBNP _bspa _cBNPHU _erda |
||
| 041 | _aspa | ||
| 082 | 4 |
_aRD862.44 _bD671t _222 |
|
| 100 | 1 |
_aDomínguez, Franklin, _d1931- _914950 _eautor _4aut. |
|
| 245 | 1 | 0 |
_aTú también morirás / _cFranklin Domínguez ; Alexis Gómez Rosa. |
| 264 | 1 |
_aSanto Domingo, República Dominicana : _bEditora Nacional, _c2004. |
|
| 300 |
_a108 páginas ; _c17 cm. |
||
| 336 |
_atexto _btxt _2rdacontent |
||
| 337 |
_asin mediación _bn _2rdamedia |
||
| 338 |
_avolumen _bnc _2rdacarrier |
||
| 490 | 0 | _aColección literaria los premios | |
| 500 | _aIncluye datos biográficos del autor en la contracubierta | ||
| 586 | _aPremio Anual de Teatro Cristóbal de Llerena 2003 | ||
| 590 | _aInventariado, 2019/DG | ||
| 650 | 0 |
_aTeatro dominicano _9637 |
|
| 650 | 0 |
_aLiteratura dominicana. _967 |
|
| 700 | 1 |
_aGómez Rosa, Alexis, _d1950- _eeditor _4ed. _923501 |
|
| 910 | _aValidado. Control de calidad. MFF | ||
| 942 |
_2ddc _cLBS1 |
||
| 999 |
_c11006 _d11006 |
||